Loading...
| Other Academic | 1 | 5 | 0 | 0 | 65 | 84 | 95.00 | 5 | 6 | 0.00 | 0.00 |
| History - American | 1 | 4 | 0 | 0 | 55 | 15 | 78.80 | 3 | 5 | 0.00 | 0.00 |
| Current Events | 2 | 2 | 0 | 0 | 50 | 38 | 63.75 | 3 | 4 | 0.00 | 0.00 |
| Religion | 3 | 1 | 1 | 1 | 50 | 68 | 93.75 | 4 | 4 | 0.00 | 0.00 |
| Geography | 1 | 2 | 0 | 1 | 35 | 57 | 114.00 | 2 | 3 | 0.00 | 0.00 |
| Social Science | 2 | 0 | 0 | 0 | 30 | 52 | 57.50 | 2 | 2 | 0.00 | 0.00 |
| Mythology | 1 | 1 | 0 | 1 | 25 | 19 | 77.00 | 2 | 2 | 0.00 | 0.00 |
| Literature - Poetry | 0 | 2 | 0 | 1 | 20 | 133 | 151.00 | 1 | 2 | 0.00 | 0.00 |
| History - Other | 1 | 0 | 0 | 0 | 15 | 17 | 17.00 | 1 | 1 | 0.00 | 0.00 |
| Science - Physics | 0 | 1 | 0 | 1 | 10 | 122 | 122.00 | 0 | 1 | 0.00 | 0.00 |
| Literature - Long Fiction | 0 | 1 | 0 | 0 | 10 | 118 | 118.00 | 1 | 1 | 0.00 | 0.00 |
| Fine Arts - Other | 0 | 1 | 0 | 0 | 10 | 113 | 113.00 | 0 | 1 | 0.00 | 0.00 |
| History - World | 0 | 1 | 0 | 1 | 10 | 143 | 143.00 | 0 | 1 | 0.00 | 0.00 |
| Science - Other | 0 | 1 | 0 | 1 | 10 | 143 | 143.00 | 0 | 1 | 0.00 | 0.00 |